000
00279nam a2200121Ia 4500
008
190216s9999||||xx |||||||||||||| ||und||
100
_a
Harris V C
245
0
_a
English Alive
260
_b
University Of Calicut
_c
1993
300
_a
68p
650
_a
English Essay
942
_c
BK
999
_c
13675
_d
13675